The Everything Business Planning Book: How to Plan for Success in a New or Growing Business / (Record no. 615437)
[ view plain ]
| 000 -LEADER | |
|---|---|
| fixed length control field | 00435nam a22001337a 4500 |
| 020 ## - INTERNATIONAL STANDARD BOOK NUMBER | |
| Qualifying information | PB. |
| 040 ## - CATALOGING SOURCE | |
| Transcribing agency | FIZZA ISHAQ |
| 082 ## - DEWEY DECIMAL CLASSIFICATION NUMBER | |
| Classification number | 658.4012 |
| Author Mark | MAR |
| 100 ## - MAIN ENTRY--PERSONAL NAME | |
| Personal name | Jensen, Marlene. |
| 9 (RLIN) | 132166 |
| 245 ## - TITLE STATEMENT | |
| Title | The Everything Business Planning Book: How to Plan for Success in a New or Growing Business / |
| Statement of responsibility, etc. | Marlene Jensen. |
| 260 ## - PUBLICATION, DISTRIBUTION, ETC. | |
| Place of publication, distribution, etc. | NEW YORK: |
| Name of publisher, distributor, etc. | Adams Media, |
| Date of publication, distribution, etc. | 2001. |
| 300 ## - PHYSICAL DESCRIPTION | |
| Extent | INDEX INC; 297 P. ; |
| Dimensions | 8 x 0.84 x 9.25 inches |
| 942 ## - ADDED ENTRY ELEMENTS (KOHA) | |
| Source of classification or shelving scheme | |
| Koha item type | Book |
| Withdrawn status | Lost status | Source of classification or shelving scheme | Damaged status | Not for loan | Permanent Location | Current Location | Shelving location | Date acquired | Total Checkouts | Full call number | Barcode | Date last seen | Price effective from | Koha item type |
|---|---|---|---|---|---|---|---|---|---|---|---|---|---|---|
| NUST Baluchistan Campus (NBC) | NUST Baluchistan Campus (NBC) | General Stacks | 12/01/2025 | 658.4012 MAR | QD-222 | 12/01/2025 | 12/01/2025 | Book |
